Capital cities with second letter I - Statistics

General Stats
  • This quiz has been taken 100 times
    80 since last reset
  • The average score is 21 of 25
Answer Stats
Answer % Correct
Lisbon
92%
Minsk
92%
Bishkek
90%
Nicosia
90%
Dili
88%
Lima
88%
Vilnius
88%
Kingston
86%
Kingstown
86%
Riga
86%
Vienna
86%
Windhoek
86%
Kiev
84%
Lilongwe
84%
Riyadh
84%
Singapore
84%
Kinshasa
82%
Victoria
82%
Bissau
80%
Kigali
80%
Niamey
80%
Tirana
80%
Vientiane
80%
Gitega
78%
Libreville
73%
No matching quizzes found
Score Distribution
Percent of People with Each Score
Percentile by Number Answered
Your Score History
You have not taken this quiz since the last reset